Catálogo

El plan de empresa : (Registro nro. 46920)

Detalles MARC
000 -LEADER
fixed length control field 01267cam a2200349 i 4500
001 - CONTROL NUMBER
control field 46920
003 - CONTROL NUMBER IDENTIFIER
control field Mx-PuUPA
005 - DATE AND TIME OF LATEST TRANSACTION
control field 20250403111205.0
008 - FIXED-LENGTH DATA ELEMENTS--GENERAL INFORMATION
fixed length control field 140415s1998 mx d gr 000 0 spa d
020 ## - INTERNATIONAL STANDARD BOOK NUMBER
International Standard Book Number 9701502493
020 ## - INTERNATIONAL STANDARD BOOK NUMBER
International Standard Book Number 9586820645
040 ## - CATALOGING SOURCE
Original cataloging agency Mx-PuUPA
Language of cataloging spa
Transcribing agency Mx-PuUPA
Modifying agency Mx-PuUPA
Description conventions rda
041 0# - LANGUAGE CODE
Language code of text/sound track or separate title spa
245 03 - TITLE STATEMENT
Title El plan de empresa :
Remainder of title cómo planificar la creación de una empresa /
Statement of responsibility, etc. Montserrat Ollé, Marcel Planellas, Jordi Molina, Diego Torres [y otros cuatro]
264 #1 - PRODUCTION, PUBLICATION, DISTRIBUTION, MANUFACTURE, AND COPYRIGHT NOTICE
Place of production, publication, distribution, manufacture México, D.F. :
Name of producer, publisher, distributor, manufacturer AlfaOmega Grupo Editor,
Date of production, publication, distribution, manufacture, or copyright notice ©1998
300 ## - PHYSICAL DESCRIPTION
Extent xv, 166 páginas :
Other physical details gráficas, diagramas, tablas ;
Dimensions 23 cm
336 ## - CONTENT TYPE
Fuente rdacontent
Content type term texto
Content type code txt
337 ## - MEDIA TYPE
Source rdamedia
Media type term sin medio
Media type code n
338 ## - CARRIER TYPE
Source rdacarrier
Carrier type term volumen
Carrier type code nc
490 0# - SERIES STATEMENT
Series statement Colección Creación y Desarrollo Empresarial
650 #7 - SUBJECT ADDED ENTRY--TOPICAL TERM
Source of heading or term armarc
Topical term or geographic name entry element Nuevas empresas
650 #7 - SUBJECT ADDED ENTRY--TOPICAL TERM
Source of heading or term armarc
Topical term or geographic name entry element Administración de empresas
650 #7 - SUBJECT ADDED ENTRY--TOPICAL TERM
Source of heading or term armarc
Topical term or geographic name entry element Planificación empresarial
650 #7 - SUBJECT ADDED ENTRY--TOPICAL TERM
Source of heading or term armarc
Topical term or geographic name entry element Planificación estratégica
700 1# - ADDED ENTRY--PERSONAL NAME
Personal name Ollé, Montserrat,
Relator term autor
9 (RLIN) 16883
700 1# - ADDED ENTRY--PERSONAL NAME
Personal name Planellas, Marcel,
Relator term autor
700 1# - ADDED ENTRY--PERSONAL NAME
Personal name Molina, Jordi,
Relator term autor
700 1# - ADDED ENTRY--PERSONAL NAME
Personal name Torres, Diego,
Relator term autor
942 ## - ADDED ENTRY ELEMENTS (KOHA)
Source of classification or shelving scheme Dewey Decimal Classification
Koha item type Libro
Classification part 658.11
Item part P66
Existencias
Withdrawn status Lost status Source of classification or shelving scheme Damaged status Not for loan Collection code Home library Current library Shelving location Date acquired Source of acquisition Total Checkouts Total Renewals Full call number Barcode Date last seen Date last checked out Price effective from Koha item type
    Dewey Decimal Classification     General Biblioteca Karol Wojtyla Biblioteca Karol Wojtyla Sala general 03/12/2013 Compra 1 1 658.11 PLA 70353 05/01/2026 14/10/2019 03/12/2013 Libro
  No inventariado Dewey Decimal Classification       Biblioteca Karol Wojtyla Biblioteca Karol Wojtyla   03/12/2013 Compra     658.11 PLA 70497     03/12/2013 Libro
    Dewey Decimal Classification     General Biblioteca Karol Wojtyla Biblioteca Karol Wojtyla Sala general 03/12/2013 Donación     658.11 P66 1998 62254 05/01/2026   03/12/2013 Libro